000 005110000a22001930004500
001 004280
003 MACL
005 20150715150310.0
008 150715b xxu||||| |||| 00| 0 eng d
040 _aMACL
_cMACL
041 _aEnglish
082 _a320.335/BAS
100 _aBasu, Jyoti
_92226
245 _aDocuments Of The Communist Movement In India Volume 26
_cJyoti Basu
260 _aCulcutta
_c1998
_bNational Book Agency,
350 _a1000
650 _aPolitical Science
_988
942 _k320
_cBK
_2ddc
999 _c16171
_d16171